Autoelektrika a autoelektronika

Guardado en:
Detalles Bibliográficos
Autores principales: Šťastný, Jiří (Autor), Remek, Branko (Autor)
Formato: Libro
Lenguaje:checo
Publicado: Praha : T.Malina, 1997
Edición:3,opr.vyd.
Materias:
Etiquetas: Agregar Etiqueta
Sin Etiquetas, Sea el primero en etiquetar este registro!

MARC

LEADER 00000nam a22000003a 4500
001 stu24979
005 20150617225743.0
008 980227s1997------------------------cze-d
020 |a 80-901975-4-X 
040 |a STU  |b slo 
041 0 |a cze 
080 |a 621.316.174  |7 A000004226 
080 |a 629.113 
080 |a 621.38 
084 |a B8520B  |2 INS 
100 1 |a Šťastný, Jiří  |4 aut 
245 1 |a Autoelektrika a autoelektronika 
250 |a 3,opr.vyd. 
260 |a Praha :  |b T.Malina,  |c 1997 
300 |a 276 s 
650 7 |a automobilová elektrotechnika  |2 stusub 
650 7 |a automobilová elektronika  |2 stusub 
700 1 |a Remek, Branko  |4 aut 
996 |b E81853  |c E*81853  |l EE11  |s P  |a 0  |w stu24979_0001